000
00278nam a22001217a 4500
008
180306b xxu||||| |||| 00| 0 eng d
041
_a
eng
080
_a
912
100
_a
43
101
_a
geo
245
_a
national geographic the photographic
_c
leah.b
942
_2
udc
_c
BK
999
_c
44132
_d
44132